| 000 | 00526nam a2200169Ia 4500 | ||
|---|---|---|---|
| 003 | GCL | ||
| 008 | 140319s9999 xx 000 0 ara d | ||
| 040 |
_aGCL / _cGCL |
||
| 082 | 0 | 4 |
_a239.9 _bم م |
| 100 | 1 | _aمحمد عبدالرحيم | |
| 245 | 1 | 0 |
_aالمغتالون الاشراف / _cمحمد عبدالرحيم |
| 260 |
_aالقاهرة : _bدار الانوار ، _c1995 |
||
| 300 |
_a207 ص ؛ _c24 سم |
||
| 650 | 0 | 4 | _aالسيرة النبوية |
| 650 | 0 | 4 | _aالصحابة والتابعون |
| 942 |
_2ddc _cBK |
||
| 999 |
_c5211 _d5211 |
||